| 000 | 01396cam a22002651i 4500 | ||
|---|---|---|---|
| 003 | SA-RiAUC | ||
| 005 | 20250109063218.0 | ||
| 008 | 250109s1987 le g 00000 ara c | ||
| 040 |
_aSA-MaUQU _bara _cSA-RiAUC _erda |
||
| 082 | 0 | 4 |
_a240 _qSA-RiAUC |
| 090 |
_a240 _bف خ ر |
||
| 100 | 1 |
_aالفخر الرازي، محمد بن عمر بن الحسن، _d544-606 هجري _eمؤلف. |
|
| 245 | 1 | 2 |
_aالمطالب العالية من العلم الإلهي : _bوهو المسمى في لسان اليونانيين باثولوجيا وفي لسان المسلمين علم الكلام، أو، الفلسفة الإسلامية / _cفخر الدين محمد بن عمر الرازي ؛ تحقيق أحمد حجازي السقا. |
| 246 | 3 | 0 | _aالمسمى في لسان اليونانيين باثولوجيا وفي لسان المسلمين علم الكلام، أو، الفلسفة الإسلامي |
| 264 | 1 |
_aبيروت : _bدار الكتاب العربي، _c1987 |
|
| 300 |
_a5 مجلد في 3 ؛ _c25 سم |
||
| 336 |
_aنص _btxt _2rdacontent _3كتاب |
||
| 337 |
_aبدون وسيط _bn _2rdamedia |
||
| 338 |
_aمجلد _bnc _2rdacarrier |
||
| 650 | 7 |
_aعلم الكلام _2aucsh |
|
| 650 | 7 |
_aالفلسفة الإسلامية _2aucsh |
|
| 700 | 1 |
_aالسقا، أحمد حجازي أحمد _eمحقق. |
|
| 942 |
_2ddc _cBOOK |
||
| 949 |
_aSA-JeALM _d250109 _ukhaled123 _n1 |
||
| 999 |
_c4520 _d4520 |
||